000 00332nam a2200169Ia 4500
100 _aLam/Chuck
650 _aHadoop
942 _cBK
366 _f25
654 _ahadoop
245 _aHadoop in action
260 _bDreamtech Press
_c2016
082 _bLAM
300 _a311
546 _aENGLISH
_celectronics
999 _c33725
_d33725